| Tag |
First Indicator |
Second Indicator |
Subfields |
| LEADER |
00000cam a2200000 i 4500 |
| 001 |
in00005716213 |
| 005 |
20260319175729.6 |
| 006 |
m o d |
| 007 |
cr cnu---unuuu |
| 008 |
180605s2018 enk ob 001 0 eng d |
| 040 |
|
|
|a N$T
|b eng
|e rda
|e pn
|c N$T
|d N$T
|d EBLCP
|d STBDS
|d FIE
|d CEF
|d OH1
|d OCLCF
|d YDX
|d OTZ
|d U3W
|d STF
|d LVT
|d BRX
|d OCLCQ
|d UKAHL
|d OCL
|d OCLCO
|d OCLCQ
|d OCLCO
|d OCLCQ
|d SFB
|d OCLCQ
|d OCLCO
|d OCLCL
|d VLB
|d OCLCQ
|d CLOUD
|d OCLCO
|d UKKRT
|d OCLCQ
|d OCLCL
|d OCLKB
|
| 019 |
|
|
|a 1049431075
|a 1298420829
|a 1370508045
|a 1503850232
|a 1513443054
|
| 020 |
|
|
|a 9780191089190
|q (electronic bk.)
|
| 020 |
|
|
|a 0191089192
|q (electronic bk.)
|
| 020 |
|
|
|a 9780191827747
|
| 020 |
|
|
|a 0191827746
|
| 020 |
|
|
|z 0198786050
|
| 020 |
|
|
|z 9780198786054
|
| 020 |
|
|
|a 9780191089206
|
| 020 |
|
|
|a 0191089206
|
| 035 |
|
|
|a (OCoLC)1038716985
|z (OCoLC)1049431075
|z (OCoLC)1298420829
|z (OCoLC)1370508045
|z (OCoLC)1503850232
|z (OCoLC)1513443054
|
| 050 |
|
4 |
|a BD232
|b .E93 2018
|
| 050 |
|
4 |
|a BH39
|
| 050 |
|
4 |
|a B828.45
|b .E93 2018
|
| 072 |
|
7 |
|a PHI
|x 013000
|2 bisacsh
|
| 082 |
0 |
4 |
|a 111.85
|2 23
|
| 049 |
|
|
|a TXAM
|
| 245 |
0 |
0 |
|a Evaluative perception /
|c edited by Anna Bergqvist, Robert Cowan.
|
| 250 |
|
|
|a First edition.
|
| 264 |
|
1 |
|a Oxford, United Kingdom :
|b Oxford University Press,
|c 2018.
|
| 300 |
|
|
|a 1 online resource
|
| 336 |
|
|
|a text
|b txt
|2 rdacontent
|
| 337 |
|
|
|a computer
|b c
|2 rdamedia
|
| 338 |
|
|
|a online resource
|b cr
|2 rdacarrier
|
| 490 |
1 |
|
|a Mind association occasional series
|
| 520 |
8 |
|
|a Evaluation is ubiquitous. This volume brings together philosophers to investigate whether there is a distinctive kind of perception that is evaluative. If so, what role does it play in evaluative knowledge, and what does its existence tell us about the nature of value?
|
| 504 |
|
|
|a Includes bibliographical references and index.
|
| 588 |
0 |
|
|a Print version record.
|
| 520 |
|
|
|a Evaluation is ubiquitous. This volume brings together philosophers to investigate whether there is a distinctive kind of perception that is evaluative. If so, what role does it play in evaluative knowledge, and what does its existence tell us about the nature of value?
|
| 505 |
0 |
|
|a Cover; Evaluative Perception; Copyright; Contents; List of Contributors; Introduction; 1. Existence and Nature of Evaluative Perception; 2. Epistemology and Evaluative Perception; 3. Value Theory and Evaluative Perception; PART I: The Existence and Nature of Evaluative Perception; 1: Rich Perceptual Content and Aesthetic Properties; 1. For and Against the Sceptical Challenge from Sc; 1.1. Sparse versus rich perceptual content; 1.2. Two aesthetic cases and two categories of explanation; 2. Ambiguous Figures and the Argument from Seeing-As; 2.1. The argument
|
| 505 |
8 |
|
|a 2.2. A rejoinder and some general lessons2.3. Concluding the argument: rich perceptual content of aesthetic properties; 3. Further Motivating AP: Mechanisms for Explanation; 4. A Conclusion and a Speculation; 2: Can We Visually Experience Aesthetic Properties?; 1. Arguments for (A) from Phenomenological and Epistemic Considerations; 2. An Argument Against (A) from Illusion; 3. An Argument for (A) from 'Observationality'; 4. An Argument for (A) from the Metaphysics of Aesthetic Properties; 5. Conclusion; 3: Moral Perception Defended; 1. Outline of a Theory of Moral Perception
|
| 505 |
8 |
|
|a 1.1. The perceptible and the observable1.2. The analogy between perception and action; 2. The Representational Character of Moral Perception; 2.1. Sensing physically versus sensing morally; 2.2. The multileveled character of perception; 2.3. Moral perception as a basis for moral knowledge; 3. The Phenomenological Problem; 3.1. The presentational aspect of perception; 3.2. Perception of emotion as an analogous case; 4. Perception and Inference; 5. Perception and Cognition; 5.1. Object perception, aesthetic perception, and moral seemings; 5.2. 'Cognitive penetration'
|
| 505 |
8 |
|
|a 6. Moral Perception, Realism, and Rationalism7. Perception, Conception, and Perceptual Belief; 8. Conclusion; 4: Evaluative Perception as Response-Dependent Representation; 1. What Is Involved in Evaluative Perception?; 2. Rich versus Austere Accounts of Perceptual Content; 3. Intrinsic Representation of Response-Dependent Properties; 4. Response-Dependent Representation; 4.1. Pain; 4.2. Moral Properties; 5. Concluding Remarks; 5: Doubts about Moral Perception; 1. Introduction; 2. Moral Perception: Focusing the Issue; 3. The Method of Phenomenal Contrast; 4. Three Points Against (MP)
|
| 505 |
8 |
|
|a 5. Two Objections6. Conclusion; 6: Seeing Depicted Space (Or Not); 1. Introduction; 2. Seeing-In; 2.1. Seeing-in as experienced resemblance; 2.2. Seeing-in as recognition; 3. Seeing Empty Space In Pictures; 3.1. The glimmering of facts; 3.2. Permeated pictorial perception; 4. Seeing Depicted Space (Or Not): Three Clarifications and Four Examples; 4.1. Three clarifications; 4.2. Four examples; 5. Conclusion; 7: Perception of Absence as Value-Driven Perception; 1. Introduction; 2. Values and Absences; 3. From Values to Absences: An Argument from Salience; 3.1. The argument
|
| 650 |
|
0 |
|a Perception (Philosophy)
|
| 650 |
|
0 |
|a Values.
|
| 650 |
|
0 |
|a Judgment (Ethics)
|
| 650 |
|
6 |
|a Perception (Philosophie)
|
| 650 |
|
6 |
|a Jugement (Morale)
|
| 650 |
|
7 |
|a perception.
|2 aat
|
| 650 |
|
7 |
|a PHILOSOPHY
|x Metaphysics.
|2 bisacsh
|
| 650 |
|
7 |
|a Values
|2 fast
|
| 650 |
|
7 |
|a Judgment (Ethics)
|2 fast
|
| 650 |
|
7 |
|a Aesthetics
|2 fast
|
| 650 |
|
7 |
|a Art
|x Philosophy
|2 fast
|
| 650 |
|
7 |
|a Perception (Philosophy)
|2 fast
|
| 650 |
|
7 |
|a Value
|2 fast
|
| 655 |
|
7 |
|a Electronic books.
|2 local
|
| 700 |
1 |
|
|a Bergqvist, Anna,
|e editor.
|1 https://id.oclc.org/worldcat/entity/E39PCjK3CvxGcJgt6Qmd7X6G6q
|
| 700 |
1 |
|
|a Cowan, Robert,
|d 1971-
|e editor.
|1 https://id.oclc.org/worldcat/entity/E39PCjDfHbtVxdgbpj6T7Qbjmd
|
| 776 |
0 |
8 |
|i Print version:
|t Evaluative perception.
|d Oxford, United Kingdom : Oxford University Press, 2018
|z 0198786050
|w (OCoLC)1007922069
|
| 776 |
0 |
8 |
|c Original
|z 0198786050
|z 9780198786054
|
| 830 |
|
0 |
|a Mind Association occasional series.
|
| 856 |
4 |
0 |
|u http://proxy.library.tamu.edu/login?url=https://academic.oup.com/book/7713
|z Connect to the full text of this electronic book
|t 0
|
| 955 |
|
|
|a Oxford Scholarship Online
|
| 994 |
|
|
|a 92
|b TXA
|
| 999 |
f |
f |
|i 788ba434-1e5d-49eb-b9ca-4e0ddd459434
|s 0c5684fe-45e2-473b-913d-b477eabd5ed0
|t 0
|
| 952 |
f |
f |
|a Texas A&M University
|b College Station
|c Electronic Resources
|s www_evans
|d Available Online
|t 0
|e BD232 .E93 2018
|h Library of Congress classification
|
| 998 |
f |
f |
|a BD232 .E93 2018
|t 0
|l Available Online
|